LEADER 00873nam a2200217 i 4500 001 000000231798 003 CaOOAMICUS 005 20140812000000.0 008 140812n it u000 u ita u 013 $a210701 040 $aSeMil$bita 245 10$aLinee fondamentali :$b1. Il metodo della sezione aspiranti. 260 $a[S.l. :$bs.n.],$c[19-?]$e(Roma :$fArti Grafiche Italiane,$g[19-?]) 300 $a40 p., [2] p. di tav. ;$c18 cm. 500 $aContiene : Appendice. 710 2 $aAzione Cattolica dei Ragazzi .$0(OLS)http://semarc/name/72063 850 $aSeMil 852 $aSeMil$W1$xVenegono$y1$m5B IX 10/22$j182144$B182144$CSeMilBibl$Z2$F193179 $81 961 $aOmaggio: Altro 996 $6245$aLinee fondamentali :$b1. Il metodo della sezione aspiranti$9(OLS)http://semarc/title/330883 996 $6260$a[S.l. :$bs.n.]$9(OLS)http://semarc/publisher/29751 LEADER 01304nam a2200253 i 4500 001 000000235106 003 CaOOAMICUS 005 20190325091758.0 008 141029s1786 it u000 u ita u 013 $a214009 026 $a6.to 9.t. 6.i- 2.i- (3) 1786 (A) 040 $aSeMil$bita 100 1 $aChapt de Rastignac, Armand : de,$c .$0(OLS)http://semarc/name/29970 245 10$aInstruzione pastorale di monsignor arcivescovo di Tours sopra la giustizia cristiana relativamente ai sacramenti della penitenza, ed eucaristia. 260 $aLivorno :$bPer Gio. Vincenzio Falorni,$c1786. 300 $axi, [1], 240 p. ;$c8º. 500 $aSegn.: pg6 A-P8. 650 4$aVescovi francesi - Lettere pastorali, Insegnamenti [etc.] - Sec. 16.-19.$0(OLS)http://semarc/subject/824 710 0 $aFalorni, Giovanni Vincenzo$c.$0(OLS)http://semarc/name/80460 850 $aSeMil 852 $aSeMil$W1$xVenegono$y1$m3C I 13 FA$j185452$B185452$CSeMilBibl$Z2$F196315 $8I 996 $6245$aInstruzione pastorale di monsignor arcivescovo di Tours sopra la giustizia cristiana relativamente ai sacramenti della penitenza, ed eucaristia$9(OLS)http://semarc/title/335302 996 $6260$aLivorno :$bPer Gio. Vincenzio Falorni$9(OLS)http://semarc/publisher/54121